[Event "Politiken Cup 2007"]
[Site "Helsingor"]
[Date "2007.07.29"]
[Round "10.125"]
[White "Christiansen, Torsten Sundgaard"]
[Black "Larsen, Bror Johannes"]
[Result "1-0"]
[WhiteElo "1658"]
[BlackElo "1048"]
[PlyCount "69"]
[EventDate "2007.??.??"]

1. d4 Nf6 2. e3 g6 3. f4 Bg7 4. Nf3 d6 5. Bd3 O-O 6. O-O c5 7. c3 Bg4 8. h3
Bxf3 9. Qxf3 Qc7 10. Nd2 Nbd7 11. f5 Qc6 12. Qg3 Nh5 13. Qh4 Bf6 14. Qf2 e5 15.
g4 Ng7 16. Ne4 c4 17. Bc2 exd4 18. exd4 d5 19. Ng3 Rae8 20. g5 Bd8 21. f6 Ne6
22. Nf5 Kh8 23. Qh4 Bc7 24. Bd2 Bb8 25. Rae1 Qc7 26. Qf2 h5 27. Ne7 Qg3+ 28.
Qxg3 Bxg3 29. Re2 Bh4 30. Nxd5 Bxg5 31. Bxg5 Nxg5 32. Re7 Nb6 33. Nc7 Rb8 34.
h4 Nc8 35. hxg5 1-0

[Event "Politiken Cup 2007"]
[Site "Helsingor"]
[Date "2007.07.29"]
[Round "10.126"]
[White "Pallesen, Jørn"]
[Black "Lie, Terje"]
[Result "1/2-1/2"]
[WhiteElo "1462"]
[BlackElo "1772"]
[PlyCount "135"]
[EventDate "2007.??.??"]

1. e4 c5 2. Nf3 d6 3. Nc3 Nf6 4. d4 cxd4 5. Nxd4 g6 6. Bc4 Bg7 7. Be3 Nc6 8.
Bb3 Bd7 9. f3 Rc8 10. Qd2 O-O 11. O-O Ne5 12. h3 Qa5 13. Nd5 Qxd2 14. Nxe7+ Kh8
15. Bxd2 Rce8 16. Nd5 Nxd5 17. Bxd5 Bc6 18. Nxc6 Nxc6 19. Bxc6 bxc6 20. c3 Rc8
21. Bf4 Rfd8 22. Rfe1 f6 23. Rad1 Bf8 24. Rd3 Rd7 25. Red1 Rcd8 26. e5 g5 27.
e6 d5 28. Bxg5 Bc5+ 29. Kh1 fxg5 30. exd7 Rxd7 31. b4 Bf8 32. a3 Rb7 33. c4
dxc4 34. Rc3 c5 35. bxc5 Bxc5 36. Rxc4 Bxa3 37. Kh2 Bb4 38. Rcd4 a5 39. Rd8+
Kg7 40. R1d7+ Rxd7 41. Rxd7+ Kg6 42. Kg1 a4 43. Kf1 a3 44. Ra7 h5 45. Ke2 h4
46. Kd1 Kf5 47. Rf7+ Ke6 48. Ra7 Ke5 49. Ra4 Bd6 50. Kc2 Kf5 51. Kb3 Ke5 52.
Kc3 Kf5 53. Kd3 Ke5 54. Ke3 Bc5+ 55. Kd3 Bd6 56. Kc4 Be7 57. Kb5 Kf5 58. Kc6
Bf8 59. Kd7 Ke5 60. Ke8 Bd6 61. Kf7 Kf5 62. Kg7 Be7 63. Kf7 Bd6 64. Rd4 Be5 65.
Ra4 Bd6 66. Ra6 Bb4 67. Rb6 Bc3 68. Ra6 1/2-1/2

[Event "Politiken Cup 2007"]
[Site "Helsingor"]
[Date "2007.07.29"]
[Round "10.127"]
[White "Madsen, Tobias Juul"]
[Black "Edwardsson, Hannu Kalervo"]
[Result "1-0"]
[WhiteElo "1651"]
[BlackElo "1300"]
[PlyCount "81"]
[EventDate "2007.??.??"]

1. e4 e5 2. Nf3 d6 3. d4 exd4 4. Nxd4 Nf6 5. Nc3 Be7 6. Bc4 O-O 7. O-O c5 8.
Nb3 Nc6 9. Bf4 Ne5 10. Bxe5 dxe5 11. Qxd8 Rxd8 12. Rfd1 Bg4 13. f3 Bh5 14. Nd5
Nxd5 15. Rxd5 Rxd5 16. Bxd5 Rb8 17. Na5 b6 18. Nc6 Re8 19. Nxa7 Bg5 20. Nb5
Be3+ 21. Kf1 Kf8 22. Ke2 Bg5 23. Rh1 Rd8 24. h4 Be7 25. g4 Bxg4 26. fxg4 Rc8
27. Rf1 f6 28. g5 c4 29. a3 Rc5 30. Nc3 Rc7 31. Be6 Rc6 32. Bg4 Rd6 33. Nd5 Bd8
34. Bf5 Kg8 35. g6 h6 36. h5 b5 37. Rd1 Kf8 38. Nb4 Rd4 39. c3 Rxd1 40. Kxd1
Bb6 41. Bd7 1-0

[Event "Politiken Cup 2007"]
[Site "Helsingor"]
[Date "2007.07.29"]
[Round "10.130"]
[White "Larsen, Alex"]
[Black "Christensen, Christoffer E"]
[Result "0-1"]
[WhiteElo "1336"]
[BlackElo "1581"]
[PlyCount "64"]
[EventDate "2007.??.??"]

1. d4 e6 2. e4 d5 3. e5 c5 4. c4 dxc4 5. Qa4+ Nc6 6. Nf3 cxd4 7. Bxc4 Bd7 8.
O-O Nxe5 9. Bb5 Nxf3+ 10. gxf3 Nf6 11. Bg5 a6 12. Bxd7+ Qxd7 13. Qb3 Be7 14.
Nd2 O-O 15. Kh1 Rfd8 16. Rg1 Kh8 17. Rg3 Nh5 18. Rg4 Bxg5 19. Rxg5 Nf6 20. Rag1
Rg8 21. Nc4 Qc7 22. Ne5 h6 23. f4 hxg5 24. Qh3+ Nh7 25. Qh5 g6 26. Qh6 Rg7 27.
Rxg5 Rd8 28. Qh4 d3 29. Ng4 d2 30. Ne3 Qc6+ 31. Kg1 d1=Q+ 32. Nxd1 Rxd1# 0-1

[Event "Politiken Cup 2007"]
[Site "Helsingor"]
[Date "2007.07.29"]
[Round "10.131"]
[White "Jensen, Hans Askov"]
[Black "Hlynsson, Hugi"]
[Result "1/2-1/2"]
[WhiteElo "1319"]
[BlackElo "1560"]
[PlyCount "69"]
[EventDate "2007.??.??"]

1. e4 c5 2. Nc3 Nc6 3. Bb5 e6 4. Bxc6 bxc6 5. d3 d5 6. Be3 d4 7. Bd2 dxc3 8.
Bxc3 Nf6 9. Nf3 Be7 10. Ne5 Bb7 11. Qf3 O-O 12. h4 Nd7 13. g4 Nxe5 14. Bxe5 f6
15. Bc3 h6 16. Qh3 Qd6 17. Bd2 Qe5 18. O-O-O Ba6 19. f4 Qc7 20. g5 Kh8 21. gxh6
gxh6 22. f5 exf5 23. Qxf5 Rf7 24. Rdg1 Rg8 25. Rg6 Rxg6 26. Qxg6 Bf8 27. Rg1
Rg7 28. Qxh6+ Kg8 29. Rf1 Be7 30. Bc3 Rh7 31. Qg6+ Rg7 32. Qe8+ Kh7 33. Qh5+
Kg8 34. Qe8+ Kh7 35. Qh5+ 1/2-1/2

[Event "Politiken Cup 2007"]
[Site "Helsingor"]
[Date "2007.07.29"]
[Round "10.132"]
[White "Percivaldi, Martin"]
[Black "Clausen, Jørgen"]
[Result "0-1"]
[WhiteElo "1000"]
[BlackElo "1543"]
[PlyCount "76"]
[EventDate "2007.??.??"]

1. d4 b6 2. e4 Bb7 3. Nc3 Nf6 4. Bd3 e6 5. Nf3 Be7 6. Bg5 O-O 7. e5 Nd5 8. Bxe7
Qxe7 9. Nxd5 Bxd5 10. O-O d6 11. c4 Bb7 12. Qc2 h6 13. Be4 Nc6 14. Rad1 Rab8
15. Rfe1 Rfd8 16. a3 a5 17. h3 Qe8 18. d5 Nxe5 19. Nxe5 dxe5 20. dxe6 Rxd1 21.
Rxd1 Bxe4 22. Qxe4 Qxe6 23. Rd5 f6 24. Qd3 Rf8 25. Rd7 Rf7 26. Rd8+ Rf8 27. Rd7
Qc6 28. b4 axb4 29. axb4 Rc8 30. b5 Qe6 31. Kh1 c6 32. Rb7 cxb5 33. Qg6 Kf8 34.
Rf7+ Qxf7 35. Qf5 Qxc4 36. Qd7 Qc1+ 37. Kh2 Qf4+ 38. Kg1 Rc1+ 0-1

[Event "Politiken Cup 2007"]
[Site "Helsingor"]
[Date "2007.07.29"]
[Round "10.133"]
[White "Nielsen, Bjørn"]
[Black "Nielsen, Poul Bang"]
[Result "0-1"]
[WhiteElo "1110"]
[BlackElo "1506"]
[PlyCount "120"]
[EventDate "2007.??.??"]

1. e4 e5 2. Nc3 Bc5 3. Nf3 Nc6 4. Bc4 Nf6 5. O-O O-O 6. Be2 d6 7. d3 h6 8. Re1
Bg4 9. Nd2 Qd7 10. Bf3 Bxf3 11. Nxf3 Qg4 12. Be3 Nd7 13. Bxc5 dxc5 14. a3 Nd4
15. Nd5 c6 16. Ne3 Nxf3+ 17. Qxf3 Qxf3 18. gxf3 Nf6 19. Ng4 Nd7 20. h3 Rae8 21.
b3 f5 22. Ne3 f4 23. Nc4 Rf6 24. Kh2 Nf8 25. Rg1 Ng6 26. Rg4 h5 27. Rg5 Nh4 28.
Nd2 g6 29. Rag1 Kh7 30. Ra1 Rd6 31. Rgg1 b5 32. a4 a6 33. Rgd1 Red8 34. Kg1 Rd4
35. Kf1 c4 36. Ke2 cxd3+ 37. cxd3 Rxd3 38. Nf1 Rxd1 39. Rxd1 Rxd1 40. Kxd1 Nxf3
41. axb5 cxb5 42. Kc2 Ng5 43. Kc3 a5 44. b4 a4 45. Nd2 Nxh3 46. f3 Ng1 47. Nc4
Nxf3 48. Nd6 Nd4 49. Nf7 a3 50. Nxe5 h4 51. Ng4 f3 52. e5 Kg7 53. Kxd4 a2 54.
Kd5 a1=Q 55. e6 Qa8+ 56. Kd6 Qd8+ 57. Ke5 Kf8 58. Nh6 Qg5+ 59. Kd6 Qxh6 60. Kd7
Qg7+ 0-1

[Event "Politiken Cup 2007"]
[Site "Helsingor"]
[Date "2007.07.29"]
[Round "10.134"]
[White "Ryberg, Denis"]
[Black "Olafsson, Olafur Junior"]
[Result "0-1"]
[WhiteElo "1410"]
[BlackElo "1300"]
[PlyCount "98"]
[EventDate "2007.??.??"]

1. e4 c6 2. Nc3 d5 3. exd5 cxd5 4. Bb5+ Nc6 5. d4 e6 6. Nf3 Nf6 7. Ne5 Bd7 8.
Nxd7 Qxd7 9. Bg5 Be7 10. O-O O-O 11. Qd2 a6 12. Be2 b5 13. a3 Rfc8 14. Rad1 Na5
15. Qf4 h6 16. Bxf6 Bxf6 17. Rd3 Qc7 18. Qg4 Nc4 19. Rb1 Qa5 20. b4 Qb6 21. Rb3
Qd6 22. Rh3 Kh8 23. Bxc4 dxc4 24. Rb1 Qxd4 25. Ne4 Rd8 26. Nxf6 Qxf6 27. Rd1
Rxd1+ 28. Qxd1 Rd8 29. Qf1 Qb2 30. Re3 Qxc2 31. h3 Rd1 32. Re1 Rxe1 33. Qxe1 c3
34. Qe3 Qd1+ 35. Kh2 c2 36. Qe4 c1=Q 37. Qa8+ Kh7 38. Qe4+ g6 39. Qb7 Qf4+ 40.
g3 Qxf2+ 41. Qg2 Qxg2+ 42. Kxg2 Qe2+ 43. Kh1 Kg7 44. a4 Kf6 45. axb5 axb5 46.
h4 Kf5 47. g4+ Kxg4 48. h5 Kg3 49. hxg6 Qg2# 0-1